Numerical ecology

Αποθηκεύτηκε σε:
Λεπτομέρειες βιβλιογραφικής εγγραφής
Κύριος συγγραφέας: Legendre, Pierre 1946-
Άλλοι συγγραφείς: Legendre, Louis
Μορφή: Βιβλίο
Γλώσσα:English
Δημοσίευση: Amsterdam : Elsevier, 1998
Έκδοση:2nd English ed.
Σειρά:Developments in environmental modelling ; ; 20
Θέματα:
Ετικέτες: Προσθήκη ετικέτας
Δεν υπάρχουν, Καταχωρήστε ετικέτα πρώτοι!

MARC

LEADER 00000pam a2200000 i 4500
001 1/83568
008 080423s1998 eng d
020 |a 0-444-89250-8 (pbk.) 
035 |l 10096960 
040 |a GR-MY-UA  |b gre  |e aacr 
041 1 |a eng 
082 0 |a 577.0151  |2 (22) 
100 1 |a Legendre, Pierre  |d 1946- 
245 1 0 |a Numerical ecology /  |c Pierre Legendre and Louis Legendre 
250 |a 2nd English ed. 
260 |a Amsterdam :   |b Elsevier,   |c 1998 
300 |a xv, 853 σ.;  |b εικ.;  |c 25 εκ. 
490 1 |a Developments in environmental modelling  |v ; 20 
504 |a Βιβλιογραφία: σ. 787-832 
504 |a Ευρετήριο: σ. 839-853 
650 0 0 |a Ecology  |x Mathematics. 
700 1 |a Legendre, Louis. 
830 0 |a Developments in environmental modelling ;  |v ; 20 
852 |a INST  |b LESVOS  |e 20080423  |h 577.0151 LEG  |p 005100039676  |q 005100039676  |t BK  |y 0 
901 |a BIBL1-2008-1 
909 |a Λ  |b 151096 
922 |a 1ΕΛΗ  |b 200803  |c ΕΠΕΑΕΚ2/ΤΕΘ  |d ΠΑΠΑΣΩΤΗΡΙΟΥ 
970 |a ΚΑΡΑ  |b ΓΙΑΣΕΜΗ  |z 2008/04/23